01606cam a22003614a 4500001000500000005001700005020002500022020003100047040002300078050002000101082001100121100001900132245010200151250004600253260003500299300004700334490001600381490002500397505000800422520017300430521002000603521002000623650002200643650002100665650002400686700002700710906004500737942001500782999001500797952014900812952015100961952013201112314420251212140225.0 a9780061703683 (pbk.) a9780061703690 (trade bdg.) aDLCcDLCdDLCbeng00aPZ7.O222b 2009002813.541 aO'Connor, Jane10aThe dazzling book report /cby Jane O'Connor ; picture based on the art of Glasser, Robin Preiss  aFirst Scholastic printing, September 2010 aNew York :bScholastic, c2009 a32 pages :bcolor illustrations ; c24 cm.0 aFancy Nancy0 aI can readvLevel 1  aJ  aNancy is determined to make the cover of her very first book report as fancy as she can, but she spends so much time on it that she has no time to write about the book. a490 bLexile  aJ bRaz-Plus  1aHomeworkvFiction 1aSchoolsvFiction 1aVocabularyvFiction1 a Robin, Preiss-Glasser a7bcbccorignewd1eecipf20gy-gencatlg 2ddccBKn0 c3144d3144 00102ddc40708JUVFa002b002cTTP Dark Blued2024-02-14l1oOCO 813.54 PZ7.O222pFIS02017r2025-07-22 13:19:00s2025-07-14t1w2024-02-14yBK 00102ddc40708JUVFa002b002cTTP Dark Blued2024-02-14l1oOCO 813.54 PZ7.O222pFISTK01218r2025-12-12 08:06:00s2025-11-28t2w2024-02-14yBK 00102ddc40708JUVFa001b001cTK Blued2024-10-17l0oOCO 813.54 PZ7.O222p2024-2156r2024-10-17 10:28:30t3w2024-10-17yBK